| 000 | 00375 a2200121 4500 | ||
|---|---|---|---|
| 001 | ART_43706 | ||
| 005 | 20260410162025.0 | ||
| 008 | 260409a | ||
| 245 | 1 | 0 | _aMulti-task learning and the reorganization of work |
| 100 | 1 | _aLindbeck, Assar | |
| 700 | 1 | _aSnower, Dennis J. | |
| 773 | 0 |
_tJournal of labor economics _g- Vol. 18, NÂș 3 (jul. 2000) _wREV43438 |
|
| 999 |
_c33477 _d33477 |
||